000 00693nam a22002177a 4500
003 UA-OsUOA
001 124430
007 ta
008 20170810b un ||||| |||| 00| 0 ukr d
100 _aРябініна Л. М.
090 _a330(477)
_bР98
942 _cSA
040 _aUA-OsUOA
_bfre
_cUA-OsUOA
_dUA-OsUOA
245 _aПроблеми теоретичної обгрунтованості ряду визначень у законодавчих та нормативних документах з банківництва
300 _aС.38-49
955 _a0
041 _afre
080 _a330(477)
773 0 _w124428
650 7 _a330 Економіка взагалі
_2UDC
999 _c411577
_d411577